000
00322nam a22001457a 4500
008
210305b ||||| |||| 00| 0 eng d
020
_a
9780534527709
041
_a
eng
080
_2
32
_a
32
082
_2
32
100
_a
21
101
_a
19
245
_a
Effective Policy Advocate
_c
Bruce S.Jansson
942
_2
udc
_c
BK
999
_c
55802
_d
55802